| 000 | 00942nam a2200253 i 4500 | ||
|---|---|---|---|
| 001 | 16933 | ||
| 003 | ES-MaACL | ||
| 005 | 20250629063118.0 | ||
| 007 | t| | ||
| 008 | 001123s1990 sp ||||1| spa d | ||
| 080 | _a75 Pecharromán, Ricardo (064.3) | ||
| 100 | 1 |
_aPecharromán, Ricardo. _989841 _eaut |
|
| 245 | 1 | 0 |
_aExpresión '92 : _babril 1990, Centro Cultural Galileo. |
| 260 |
_aMadrid : _bAyuntamiento de Madrid, _c1990. |
||
| 300 |
_a[29] páginas : _bprincipalmente ilustraciones ; _c30 cm. |
||
| 600 | 1 | 4 |
_aPecharromán, Ricardo- _vExposiciones. _989842 |
| 655 | 7 |
_2tgfbne _9193628 _aCatálogos de exposiciones |
|
| 710 | 2 |
_aCentro Cultural Galileo. _92581 _ehis |
|
| 852 |
_aES-MaACL _cSPP3 _jG-2236 _bR.117906 |
||
| 852 |
_aES-MaACL _cDEPOF _gDedicatoria manuscrita del autor a José Prat _hDonativo José Prat _j2323-F-23 |
||
| 942 |
_2udc _cFOLLETOS _n0 |
||
| 999 |
_c16933 _d16933 |
||